00439nam a2200145Ia 4500100003600000942000700036654001300043245005700056260003600113082001500149300000800164546001200172999001700184952009200201 aCampione/ Mary/ Walrath/ Kathy  cBK aComputer aJava Tutorial Object Once Prog for the Internet bADDISON WESLEYaNew Delhic1996 a5.133bCAM a831 aENGLISH c25100d25100 001040708CRCaCRCEbCRCEd2023-03-17l0o5.133 CAMp9584r2023-03-17w2023-03-17yBK